Central Library OPAC University of Rajshahi

Modern poetry : (Record no. 18065)

MARC details
000 -LEADER
fixed length control field 00823nam a2200265 4500
001 - CONTROL NUMBER
control field 18065
003 - CONTROL NUMBER IDENTIFIER
rucl marc code BD-RjUL
005 - DATE AND TIME OF LATEST TRANSACTION
control field 20211209000231.0
008 - FIXED-LENGTH DATA ELEMENTS--GENERAL INFORMATION
fixed length control field 140219r19671963miu b 00010 eng
020 ## - INTERNATIONAL STANDARD BOOK NUMBER
International Standard Book Number 0403013062
035 ## - SYSTEM CONTROL NUMBER
System control number (BD-RjUL)18123
040 ## - CATALOGING SOURCE
Original cataloging agency DLC
Language of cataloging eng
Transcribing agency DLC
Modifying agency BD-RjUL
041 ## - LANGUAGE CODE
Language code of text/sound track or separate title eng
082 04 - DEWEY DECIMAL CLASSIFICATION NUMBER
Classification number 821.91
Author mark and year COM 1967
100 1# - MAIN ENTRY--PERSONAL NAME
Personal name Cox, C. B.
9 (RLIN) 55664
245 1# - TITLE STATEMENT
Title Modern poetry :
Remainder of title studies in practical criticism /
Statement of responsibility, etc. [by] C. B. Cox & A. E. Dyson. London, E. Arnold.
260 ## - PUBLICATION, DISTRIBUTION, ETC. (IMPRINT)
Place of publication, distribution, etc. London :
Name of publisher, distributor, etc. Edward Arnold,
Date of publication, distribution, etc. c1963 [reprinted 1967].
300 ## - PHYSICAL DESCRIPTION
Pagination 168 p. ;
Size 22 cm.
504 ## - BIBLIOGRAPHY, ETC. NOTE
Bibliography, etc Bibliography: p. 165-168.
650 #0 - SUBJECT ADDED ENTRY--TOPICAL TERM
Topical term or geographic name as entry element English poetry
Chronological subdivision 20th century
General subdivision History and criticism.
9 (RLIN) 53041
700 10 - ADDED ENTRY--PERSONAL NAME
Personal name Dyson, A. E.,
Relator term joint author.
942 ## - ADDED ENTRY ELEMENTS (KOHA)
Source of classification or shelving scheme Dewey Decimal Classification
Koha item type Books
Holdings
Lost status Source of classification or shelving scheme Damaged status Not for loan Collection code Permanent Location Current Location Shelving location Date acquired Source of acquisition Cost, normal purchase price Total Checkouts Full call number Date last seen Copy number Koha item type
  Dewey Decimal Classification     Fiction Central Library, University of Rajshahi Central Library, University of Rajshahi   25/11/1969 zeithinger 10.00   821.91 COM 1967 19/02/2014 C-2 Books